Visualizzazione normale
Vista MARC
- Paolinelli Bruno
di Personal Name
Records bibliografici associati: 1
001 - CONTROL NUMBER
- control field: 36740
003 - CONTROL NUMBER IDENTIFIER
- control field: IT-RoPau
005 - DATE AND TIME OF LATEST TRANSACTION
- control field: 20151125151305.0
008 - FIXED-LENGTH DATA ELEMENTS
- fixed length control field: 151125|| aca||aabn | a|a d
040 ## - CATALOGING SOURCE
- Original cataloging agency: IT-RoPau
- Transcribing agency: IT-RoPau
100 ## - HEADING--PERSONAL NAME
- Personal name: Paolinelli Bruno
- Relator term: (soggetto)
- Miscellaneous information: Codice Soggetto 2° SPICS: 30482
670 ## - SOURCE DATA FOUND
- Source citation: Work cat.: (IT-RoPau)104621: Angeli Ivan Codice regista SPICS: 11291 36734, DON MILANI DON MILANI (Rif. Codice opera principale : 26128)